[Event "DEN-ch G5-2"]
[Site "Svendborg"]
[Date "2023.04.05"]
[Round "3"]
[White "Dithlevsen, Birgit"]
[Black "Jensen, Jan Kargaard"]
[Result "0-1"]
[WhiteElo "1445"]
[BlackElo "1589"]
[PlyCount "81"]
[EventDate "2023.04.05"]
[EventType "swiss"]
[EventRounds "5"]
[EventCountry "DEN"]
[SourceTitle "CBM 213 Extra"]
[Source "ChessBase"]
[SourceDate "2023.05.31"]
[SourceVersion "1"]
[SourceVersionDate "2023.05.31"]
[SourceQuality "1"]

1. e4 e5 2. Nf3 d6 3. Bc4 Be7 4. d4 exd4 5. Nxd4 Nf6 6. Nc3 0-0 7. 0-0 Nc6 8. Be3 Bd7 9. a3 a6 10. b4 Nxd4 11. Bxd4 Bc6 12. Re1 b5 13. Bb3 Qd7 14. h3 a5 15. Nd5 Bxd5 16. exd5 a4 17. Ba2 Rfe8 18. c4 c6 19. Bxf6 Bxf6 20. Rxe8+ Rxe8 21. Rb1 Re4 22. dxc6 Qxc6 23. cxb5 Qxb5 24. Qxd6 Qe8 25. g3 Re1+ 26. Kh2 Re2 27. Bd5 Rxf2+ 28. Bg2 h6 29. Qc5 Rxg2+ 30. Kxg2 Qe4+ 31. Kf1 Qxb1+ 32. Ke2 Qe4+ 33. Kd2 Qd4+ 34. Kc2 Qxc5+ 35. bxc5 Be5 36. g4 g6 37. c6 f5 38. gxf5 gxf5 39. Kd3 Kf7 40. Kc4 Ke6 41. Kb4 0-1

[Event "DEN-ch G5-2"]
[Site "Svendborg"]
[Date "2019.04.18"]
[Round "1"]
[White "Jensen, Jan Kargaard"]
[Black "Raahauge, Lars"]
[Result "0-1"]
[WhiteElo "1691"]
[BlackElo "1916"]
[PlyCount "36"]
[EventDate "2019.04.18"]
[EventType "swiss"]
[EventRounds "5"]
[EventCountry "DEN"]
[SourceTitle "EXT 2020"]
[Source "ChessBase"]
[SourceDate "2019.10.17"]
[SourceVersion "1"]
[SourceVersionDate "2019.10.17"]
[SourceQuality "1"]

1. d4 Nf6 2. c4 e5 3. dxe5 Ne4 4. Nf3 Nc6 5. e3 b6 6. Bd3 Nc5 7. Nc3 Bb7 8. a3 a5 9. Be2 g5 10. Nd5 Bg7 11. Nf6+ Bxf6 12. exf6 Qxf6 13. Rb1 g4 14. Nd2 Ne5 15. 0-0 Rg8 16. Kh1 Qh4 17. f3 g3 18. h3 Ng4 0-1

[Event "DEN-ch G5-2"]
[Site "Svendborg"]
[Date "2018.04.02"]
[Round "5"]
[White "Jensen, Jan Kargaard"]
[Black "Hansen, Aksel"]
[Result "1/2-1/2"]
[WhiteElo "1743"]
[BlackElo "1816"]
[PlyCount "65"]
[EventDate "2018.03.29"]
[EventType "swiss"]
[EventRounds "5"]
[EventCountry "DEN"]
[SourceTitle "EXT 2019"]
[Source "ChessBase"]
[SourceDate "2018.10.10"]
[SourceVersion "1"]
[SourceVersionDate "2018.10.10"]
[SourceQuality "1"]

1. c4 g6 2. d4 Bg7 3. Nc3 Nf6 4. Nf3 d5 5. Bf4 0-0 6. e3 c6 7. cxd5 Nxd5 8. Nxd5 cxd5 9. Be2 Nc6 10. 0-0 Re8 11. Rc1 e5 12. dxe5 Bxe5 13. Nxe5 Nxe5 14. Bxe5 Rxe5 15. Qd4 Re4 16. Qc5 Be6 17. Qc7 Qxc7 18. Rxc7 Rb4 19. b3 a5 20. g3 Rd8 21. Rd1 a4 22. Rd4 Rxd4 23. exd4 axb3 24. axb3 Ra8 25. Rxb7 Ra2 26. Bb5 Bh3 27. f4 Rd2 28. Bd7 Bxd7 29. Rxd7 Rxd4 30. Kg2 Rb4 31. Rxd5 Rxb3 32. f5 Kg7 33. fxg6 1/2-1/2

[Event "DEN-ch G5-2"]
[Site "Svendborg"]
[Date "2018.04.01"]
[Round "4"]
[White "Raahauge, Lars"]
[Black "Jensen, Jan Kargaard"]
[Result "1-0"]
[WhiteElo "1856"]
[BlackElo "1743"]
[PlyCount "59"]
[EventDate "2018.03.29"]
[EventType "swiss"]
[EventRounds "5"]
[EventCountry "DEN"]
[SourceTitle "EXT 2019"]
[Source "ChessBase"]
[SourceDate "2018.10.10"]
[SourceVersion "1"]
[SourceVersionDate "2018.10.10"]
[SourceQuality "1"]

1. e4 c5 2. d4 cxd4 3. c3 dxc3 4. Nxc3 Nc6 5. Nf3 e6 6. Bc4 d6 7. 0-0 Be7 8. Qe2 a6 9. Rd1 Qc7 10. Bf4 b5 11. Bxb5 Bd7 12. Rac1 e5 13. Nd5 Qb7 14. Bxc6 Bxc6 15. Rxc6 Qxc6 16. Rc1 Qb7 17. Nc7+ Kf8 18. Nxa8 Qxa8 19. Qc4 Qd8 20. Qxa6 Qd7 21. Qc8+ Qe8 22. Bg5 Nf6 23. Qb7 h6 24. Rc8 Bd8 25. Qb8 Ke7 26. Bxf6+ gxf6 27. Nh4 Qd7 28. Nf5+ Ke6 29. Qb3+ d5 30. exd5+ 1-0

[Event "DEN-ch G5-2"]
[Site "Svendborg"]
[Date "2018.03.30"]
[Round "2"]
[White "Jensen, Jan Kargaard"]
[Black "Olsen, Birger1111"]
[Result "1-0"]
[WhiteElo "1743"]
[BlackElo "1898"]
[PlyCount "79"]
[EventDate "2018.03.29"]
[EventType "swiss"]
[EventRounds "5"]
[EventCountry "DEN"]
[SourceTitle "EXT 2019"]
[Source "ChessBase"]
[SourceDate "2018.10.10"]
[SourceVersion "1"]
[SourceVersionDate "2018.10.10"]
[SourceQuality "1"]

1. d4 Nf6 2. Nf3 e6 3. Bf4 b6 4. Nbd2 Bb7 5. e3 c5 6. c3 cxd4 7. exd4 Be7 8. Bd3 0-0 9. 0-0 Nc6 10. Qe2 Nd5 11. Bg3 f5 12. h3 Qe8 13. Ne5 Nxe5 14. Qxe5 Qg6 15. Nf3 Rae8 16. Qe2 Bf6 17. Bd6 Be7 18. Bg3 Bf6 19. Bd6 e5 20. Bc4 exd4 21. Qd3 Rf7 22. Rfe1 Re4 23. Nd2 Rxe1+ 24. Rxe1 Ne3 25. Bxf7+ Kxf7 26. g3 Bg5 27. Qxd4 Nd5 28. Qe5 Qe6 29. Nf3 Bf6 30. Qxe6+ dxe6 31. Ne5+ Bxe5 32. Bxe5 g6 33. Rd1 Ba6 34. b3 b5 35. Rd4 Ke7 36. c4 bxc4 37. bxc4 Nc3 38. Kf1 Nxa2 39. Ke1 Nb4 40. Bd6+ 1-0

[Event "DEN-ch G5-2"]
[Site "Svendborg"]
[Date "2018.03.29"]
[Round "1"]
[White "Dithlevsen, Birgit"]
[Black "Jensen, Jan Kargaard"]
[Result "0-1"]
[WhiteElo "1495"]
[BlackElo "1743"]
[PlyCount "98"]
[EventDate "2018.03.29"]
[EventType "swiss"]
[EventRounds "5"]
[EventCountry "DEN"]
[SourceTitle "EXT 2019"]
[Source "ChessBase"]
[SourceDate "2018.10.10"]
[SourceVersion "1"]
[SourceVersionDate "2018.10.10"]
[SourceQuality "1"]

1. e4 c5 2. Nc3 Nc6 3. Nf3 d6 4. h3 Nf6 5. Bb5 Bd7 6. d3 e6 7. 0-0 Be7 8. Re1 Nd4 9. Bxd7+ Qxd7 10. Nxd4 cxd4 11. Ne2 e5 12. c3 dxc3 13. bxc3 d5 14. exd5 Nxd5 15. c4 Nf6 16. Ng3 0-0 17. Rxe5 Bd6 18. Re2 Bxg3 19. fxg3 Rad8 20. Rd2 Qd4+ 21. Kh2 Qxa1 22. Qc2 Qd4 23. Bb2 Qd6 24. Qc3 Nh5 25. d4 Rfe8 26. Rf2 Re6 27. d5 Rg6 28. Rf3 Re8 29. c5 Qxd5 30. g4 Nf6 31. Rd3 Qe4 32. Qd2 h5 33. Bxf6 Rxf6 34. gxh5 Qe5+ 35. Rg3 Rf4 36. h6 g6 37. Qc2 Kh7 38. c6 Rc8 39. Qd2 Rxc6 40. Kh1 Qd4 41. Rd3 Rf1+ 42. Kh2 Qf4+ 43. Qxf4 Rxf4 44. Kg3 Rfc4 45. Kh2 Kxh6 46. Ra3 Ra6 47. Rb3 b6 48. a3 Rca4 49. Rf3 f5 0-1

[Event "Taastrup Winter op 3rd"]
[Site "Taastrup"]
[Date "2018.01.25"]
[Round "7"]
[White "Jensen, Jan Kargaard"]
[Black "Nielsen, Jan Mose"]
[Result "0-1"]
[WhiteElo "1754"]
[BlackElo "2051"]
[PlyCount "70"]
[EventDate "2017.11.09"]
[EventType "swiss"]
[EventRounds "9"]
[EventCountry "DEN"]
[SourceTitle "EXT 2021"]
[Source "ChessBase"]
[SourceDate "2020.10.23"]
[SourceVersion "1"]
[SourceVersionDate "2020.10.23"]
[SourceQuality "1"]

1. d4 Nf6 2. c4 d6 3. Nc3 g6 4. e4 Bg7 5. Be2 Nbd7 6. f4 h5 7. Be3 c6 8. e5 dxe5 9. dxe5 Ng4 10. Bxg4 hxg4 11. Nge2 Qa5 12. Kf2 Nb6 13. b3 Bf5 14. Qc1 f6 15. exf6 Bxf6 16. Bd2 Qc5+ 17. Be3 Qb4 18. Bd4 0-0-0 19. Qe3 Bxd4 20. Nxd4 Rxd4 21. Qxd4 Rd8 22. Qe5 Nd7 23. Qe3 Nf6 24. Rac1 Rd3 25. Qe5 Rxc3 26. Rxc3 Ne4+ 27. Ke3 Nxc3 28. Rc1 Ne4 29. Qh8+ Kc7 30. Qe5+ Kb6 31. Qd4+ c5 32. Qd8+ Ka6 33. Rd1 Qc3+ 34. Ke2 Qb2+ 35. Rd2 Qxd2+ 0-1

[Event "Taastrup Winter op 3rd"]
[Site "Taastrup"]
[Date "2018.01.04"]
[Round "5"]
[White "Jensen, Jan Kargaard"]
[Black "Dalberg, Bent"]
[Result "1/2-1/2"]
[WhiteElo "1754"]
[BlackElo "1655"]
[PlyCount "71"]
[EventDate "2017.11.09"]
[EventType "swiss"]
[EventRounds "9"]
[EventCountry "DEN"]
[SourceTitle "EXT 2021"]
[Source "ChessBase"]
[SourceDate "2020.10.23"]
[SourceVersion "1"]
[SourceVersionDate "2020.10.23"]
[SourceQuality "1"]

1. d4 d5 2. c4 c6 3. Nf3 Nf6 4. Nc3 e6 5. e3 Nbd7 6. Bd3 dxc4 7. Bxc4 b5 8. Bd3 Bb7 9. 0-0 Be7 10. a3 a6 11. e4 c5 12. e5 Nd5 13. Nxd5 Bxd5 14. Bf4 0-0 15. Qc2 h6 16. Bh7+ Kh8 17. Be4 Bxe4 18. Qxe4 c4 19. Rad1 Nb6 20. Ne1 Nd5 21. Bd2 Rc8 22. Nc2 Re8 23. Nb4 Bxb4 24. axb4 Qe7 25. Qe1 Red8 26. f4 Qa7 27. Bc3 Qe7 28. f5 exf5 29. Rxf5 Qe6 30. Rf3 Ne7 31. Qf2 Kg8 32. Rf1 Rf8 33. Qh4 Ng6 34. Qe4 Ne7 35. Rh3 Qd5 36. Qg4 1/2-1/2

[Event "Taastrup Spil Nar Vil 12"]
[Site "Taastrup"]
[Date "2017.04.20"]
[Round "3"]
[White "Nielsen, Jan Mose"]
[Black "Jensen, Jan Kargaard"]
[Result "1-0"]
[WhiteElo "2063"]
[BlackElo "1707"]
[PlyCount "77"]
[EventDate "2017.04.06"]
[EventType "swiss"]
[EventRounds "7"]
[EventCountry "DEN"]
[SourceTitle "EXT 2024"]
[Source "ChessBase"]
[SourceDate "2023.10.10"]
[SourceVersion "1"]
[SourceVersionDate "2023.10.10"]
[SourceQuality "1"]

1. e4 g6 2. d4 d6 3. c4 Bg7 4. Nc3 Nf6 5. f3 Nbd7 6. Be3 e5 7. Nge2 a6 8. Qd2 Qe7 9. d5 h5 10. Nc1 Ng8 11. Qc2 b6 12. Nd3 a5 13. Qa4 Bb7 14. Be2 Nh6 15. Rd1 0-0 16. g4 hxg4 17. fxg4 f5 18. g5 Nf7 19. h4 f4 20. Bf2 Nc5 21. Nxc5 bxc5 22. Qc2 Bc8 23. Bf3 Bd7 24. Ke2 Rfb8 25. a4 Qe8 26. Nb5 Bxb5 27. axb5 Ra7 28. Rd3 Rba8 29. Ra1 Nd8 30. Be1 Nb7 31. Rda3 Qc8 32. Kd1 Qh3 33. Bh5 Qh1 34. Bxg6 f3 35. Qf2 Rf8 36. Bh5 Rf4 37. Bxf3 Qxh4 38. Qxh4 Rxh4 39. Bxh4 1-0

[Event "DEN-ch G5-2B"]
[Site "Skorping"]
[Date "2017.04.15"]
[Round "3"]
[White "Jensen, Jan Kargaard"]
[Black "Schmidt, Kim"]
[Result "1/2-1/2"]
[WhiteElo "1713"]
[BlackElo "1738"]
[PlyCount "48"]
[EventDate "2017.04.13"]
[EventType "swiss"]
[EventRounds "5"]
[EventCountry "DEN"]
[SourceTitle "EXT 2023"]
[Source "ChessBase"]
[SourceDate "2022.10.05"]
[SourceVersion "1"]
[SourceVersionDate "2022.10.05"]
[SourceQuality "1"]

1. Nf3 c5 2. b3 Nc6 3. Bb2 d5 4. d4 cxd4 5. Nxd4 Nxd4 6. Qxd4 Nf6 7. e3 Bd7 8. c4 Bc6 9. f3 e6 10. Nc3 dxc4 11. Qxd8+ Rxd8 12. Bxc4 Bc5 13. Ke2 0-0 14. Rad1 Rfe8 15. Nb5 Nd5 16. Nd4 Kf8 17. Nxc6 bxc6 18. Bxd5 exd5 19. Bd4 Bb6 20. Bxb6 axb6 21. Kd3 Ke7 22. Rc1 Kd6 23. Rc2 Rc8 24. Rhc1 Rc7 1/2-1/2

[Event "Taastrup Winter 2nd"]
[Site "Taastrup"]
[Date "2017.02.26"]
[Round "8"]
[White "Larsen, Simon Bering"]
[Black "Jensen, Jan Kargaard"]
[Result "1-0"]
[WhiteElo "1887"]
[BlackElo "1659"]
[PlyCount "97"]
[EventDate "2016.11.11"]
[EventType "swiss"]
[EventRounds "9"]
[EventCountry "DEN"]
[SourceTitle "EXT 2024"]
[Source "ChessBase"]
[SourceDate "2023.10.10"]
[SourceVersion "1"]
[SourceVersionDate "2023.10.10"]
[SourceQuality "1"]

1. d4 d5 2. Bf4 Bf5 3. Nf3 Nf6 4. Nbd2 e6 5. e3 c5 6. c4 Nc6 7. a3 cxd4 8. exd4 Bd6 9. Bg5 Qc7 10. Nb3 0-0 11. c5 Be7 12. Bd3 Bxd3 13. Qxd3 e5 14. dxe5 Nxe5 15. Nxe5 Qxe5+ 16. Qe3 Qxe3+ 17. Bxe3 Ng4 18. Bd4 Bf6 19. 0-0 Rac8 20. Rfd1 Rfe8 21. h3 Bxd4 22. Rxd4 Nf6 23. Kf1 Re4 24. Rad1 Rce8 25. Na5 b6 26. cxb6 axb6 27. Nc6 Kf8 28. g4 Re2 29. R4d2 Rxd2 30. Rxd2 Rc8 31. Nb4 h6 32. Ke2 Ke7 33. Nxd5+ Nxd5 34. Rxd5 Rc2+ 35. Rd2 Rc5 36. b4 Re5+ 37. Kd3 Ke6 38. Re2 b5 39. Rxe5+ Kxe5 40. Kc3 Kf4 41. Kb3 g6 42. a4 bxa4+ 43. Kxa4 f5 44. b5 fxg4 45. hxg4 h5 46. b6 h4 47. b7 h3 48. b8Q+ Kxg4 49. Qg3+ 1-0

[Event "Taastrup Winter 2nd"]
[Site "Taastrup"]
[Date "2017.02.09"]
[Round "7"]
[White "Andersen, Jorgen Brix"]
[Black "Jensen, Jan Kargaard"]
[Result "0-1"]
[WhiteElo "1986"]
[BlackElo "1659"]
[PlyCount "104"]
[EventDate "2016.11.11"]
[EventType "swiss"]
[EventRounds "9"]
[EventCountry "DEN"]
[SourceTitle "EXT 2024"]
[Source "ChessBase"]
[SourceDate "2023.10.10"]
[SourceVersion "1"]
[SourceVersionDate "2023.10.10"]
[SourceQuality "1"]

1. e4 c5 2. Nf3 d6 3. d4 cxd4 4. Nxd4 Nf6 5. Nc3 a6 6. Be2 e6 7. Be3 Be7 8. 0-0 0-0 9. f4 Qc7 10. Bf3 Bd7 11. Qe1 Nc6 12. Nxc6 Bxc6 13. Rd1 Rac8 14. Qg3 Rfd8 15. Qf2 Nd7 16. Rd2 b5 17. Rfd1 Qb7 18. e5 Bxf3 19. Qxf3 Qxf3 20. gxf3 d5 21. Ne2 Bc5 22. Bxc5 Rxc5 23. Nd4 g6 24. Kf2 Rdc8 25. Re2 Rc4 26. b3 R4c7 27. Ke1 Nb8 28. Rd3 Nc6 29. Nxc6 Rxc6 30. Kd1 b4 31. Kc1 Rc3 32. Red2 Kg7 33. Rxc3 Rxc3 34. Rd3 Rxd3 35. cxd3 Kh6 36. Kd2 Kh5 37. Ke3 Kh4 38. Kd4 h5 39. Kc5 Kh3 40. Kd6 h4 41. Ke7 Kxh2 42. Kxf7 Kg3 43. Kxe6 h3 44. Kd7 h2 45. e6 h1Q 46. e7 Qh3+ 47. Kd8 Qh8+ 48. e8Q Qxe8+ 49. Kxe8 Kxf4 50. Kf7 g5 51. Ke6 Kxf3 52. Kxd5 g4 0-1

[Event "Taastrup Winter 2nd"]
[Site "Taastrup"]
[Date "2017.02.09"]
[Round "7"]
[White "Jensen, Jan Kargaard"]
[Black "Andersen, Svend Erik"]
[Result "1-0"]
[WhiteElo "1659"]
[BlackElo "1839"]
[PlyCount "41"]
[EventDate "2016.11.11"]
[EventType "swiss"]
[EventRounds "9"]
[EventCountry "DEN"]
[SourceTitle "EXT 2024"]
[Source "ChessBase"]
[SourceDate "2023.10.10"]
[SourceVersion "1"]
[SourceVersionDate "2023.10.10"]
[SourceQuality "1"]

1. d4 d5 2. c4 e6 3. Nc3 f5 4. e4 dxe4 5. d5 Nf6 6. Bg5 Be7 7. f3 0-0 8. fxe4 fxe4 9. Qc2 exd5 10. cxd5 Ng4 11. Bxe7 Rxf1+ 12. Kxf1 Qxe7 13. Qxe4 Qf7+ 14. Qf3 Bf5 15. Nge2 Nd7 16. Kg1 Nde5 17. Qf4 Nd3 18. Qd2 Ngf2 19. Rf1 Nxh1 20. Kxh1 Rf8 21. Ng3 1-0

[Event "Taastrup Winter 2nd"]
[Site "Taastrup"]
[Date "2017.01.10"]
[Round "5"]
[White "Meldal, Peter"]
[Black "Jensen, Jan Kargaard"]
[Result "0-1"]
[WhiteElo "1558"]
[BlackElo "1659"]
[PlyCount "93"]
[EventDate "2016.11.11"]
[EventType "swiss"]
[EventRounds "9"]
[EventCountry "DEN"]
[SourceTitle "EXT 2024"]
[Source "ChessBase"]
[SourceDate "2023.10.10"]
[SourceVersion "1"]
[SourceVersionDate "2023.10.10"]
[SourceQuality "1"]

1. e4 c5 2. Nf3 d6 3. d4 cxd4 4. Nxd4 a6 5. Be2 Nf6 6. Nc3 Nc6 7. 0-0 e5 8. Nb3 Be6 9. Bg5 Be7 10. f4 exf4 11. Bxf4 Ne5 12. Nd4 Qd7 13. Nxe6 Qxe6 14. Nd5 Nxd5 15. exd5 Qd7 16. c4 Bf6 17. Qd2 0-0 18. Bg5 Bxg5 19. Qxg5 Qd8 20. Qxd8 Raxd8 21. Rf5 Rfe8 22. b3 Ng6 23. Bh5 Re5 24. Bxg6 hxg6 25. Rxe5 dxe5 26. Rd1 b6 27. d6 Kf8 28. b4 Ke8 29. c5 bxc5 30. bxc5 Kd7 31. Rb1 Kc6 32. Rc1 Rb8 33. a4 Rb4 34. a5 Rb5 35. Kf2 Rxa5 36. Ke3 f5 37. Kd3 Ra4 38. Rc4 e4+ 39. Kd4 Rxc4+ 40. Kxc4 a5 41. g3 g5 42. h3 f4 43. gxf4 gxf4 44. d7 Kxd7 45. Kd4 f3 46. Kxe4 f2 47. Ke3 0-1

[Event "Taastrup Winter 2nd"]
[Site "Taastrup"]
[Date "2016.12.26"]
[Round "4"]
[White "Jensen, Jan Kargaard"]
[Black "Ankjaer, Allan"]
[Result "0-1"]
[WhiteElo "1659"]
[BlackElo "1717"]
[PlyCount "48"]
[EventDate "2016.11.11"]
[EventType "swiss"]
[EventRounds "9"]
[EventCountry "DEN"]
[SourceTitle "EXT 2024"]
[Source "ChessBase"]
[SourceDate "2023.10.10"]
[SourceVersion "1"]
[SourceVersionDate "2023.10.10"]
[SourceQuality "1"]

1. d4 Nf6 2. c4 e6 3. Nf3 b6 4. g3 Bb7 5. Bg2 d5 6. 0-0 Be7 7. Ne5 0-0 8. Nc3 Nbd7 9. Bg5 h6 10. Bxf6 Nxf6 11. e3 c5 12. cxd5 exd5 13. Qe2 Rc8 14. dxc5 Rxc5 15. Rfd1 Qc7 16. Qd2 Qxe5 17. f4 Qe6 18. b4 Rc4 19. Nxd5 Bxd5 20. Bxd5 Nxd5 21. Qxd5 Qxe3+ 22. Kg2 Qe2+ 23. Kh3 Rc2 24. Qh1 h5 0-1

[Event "Taastrup Quick Weekend 23th Basis 4"]
[Site "Taastrup"]
[Date "2016.05.20"]
[Round "1"]
[White "Liu, Casper Yukun"]
[Black "Jensen, Jan Kargaard"]
[Result "1-0"]
[WhiteElo "1615"]
[BlackElo "1719"]
[PlyCount "63"]
[EventDate "2016.05.20"]
[EventType "tourn"]
[EventRounds "5"]
[EventCountry "DEN"]
[SourceTitle "EXT 2024"]
[Source "ChessBase"]
[SourceDate "2023.10.10"]
[SourceVersion "1"]
[SourceVersionDate "2023.10.10"]
[SourceQuality "1"]

1. e4 g6 2. d4 d6 3. Nc3 Bg7 4. Be3 Nf6 5. Nf3 a6 6. Qd2 b5 7. a3 Bb7 8. d5 c5 9. Bd3 Nbd7 10. 0-0 0-0 11. b3 Rc8 12. Ra2 Ng4 13. a4 Nxe3 14. fxe3 b4 15. Ne2 a5 16. c3 bxc3 17. Nxc3 Bxc3 18. Qxc3 Qb6 19. Bb5 Nf6 20. Nd2 Ra8 21. Rf4 Ba6 22. Nc4 Qc7 23. h4 h5 24. Nxa5 Ng4 25. b4 Bxb5 26. axb5 Qb6 27. bxc5 dxc5 28. Rf1 Rfc8 29. Nc6 Rxa2 30. Nxe7+ Kh7 31. Rxf7+ Kh6 32. Qg7# 1-0

[Event "Taastrup Spil Naar Vil 11"]
[Site "Taastrup"]
[Date "2016.04.28"]
[Round "4"]
[White "Jensen, Jan Kargaard"]
[Black "Meldal, Peter"]
[Result "1/2-1/2"]
[WhiteElo "1746"]
[BlackElo "1466"]
[PlyCount "95"]
[EventDate "2016.03.31"]
[EventType "swiss"]
[EventRounds "7"]
[EventCountry "DEN"]
[SourceTitle "EXT 2024"]
[Source "ChessBase"]
[SourceDate "2023.10.10"]
[SourceVersion "1"]
[SourceVersionDate "2023.10.10"]
[SourceQuality "1"]

1. d4 Nf6 2. c4 g6 3. Nc3 d5 4. Bf4 a6 5. Rc1 c6 6. Nf3 Bg7 7. e3 0-0 8. Bd3 Bg4 9. 0-0 Nh5 10. Bg3 Nxg3 11. hxg3 e6 12. c5 Nd7 13. b4 e5 14. dxe5 Nxe5 15. Be2 Nxf3+ 16. Bxf3 Bxf3 17. gxf3 b6 18. Ne2 b5 19. Nd4 Qc7 20. Kg2 a5 21. bxa5 Rxa5 22. Qd2 Rfa8 23. Rc2 Ra4 24. f4 R4a6 25. g4 Qd7 26. Kg3 Bf8 27. f5 Qc7+ 28. Kg2 Qa7 29. fxg6 hxg6 30. Rh1 Bxc5 31. Nxc6 Rxc6 32. Qxd5 Qc7 33. Rxc5 Rxc5 34. Qxa8+ Qc8 35. Qxc8+ Rxc8 36. Rb1 Rc5 37. Kf3 Kg7 38. Rb4 Kf6 39. a4 bxa4 40. Rxa4 Ke5 41. Re4+ Kf6 42. Kg3 g5 43. Ra4 Ke6 44. Kf3 f6 45. Ra6+ Kf7 46. Ke4 Re5+ 47. Kd4 Rb5 48. f4 1/2-1/2

[Event "Taastrup Spil Naar Vil 11"]
[Site "Taastrup"]
[Date "2016.04.07"]
[Round "1"]
[White "Refsgaard, Kaj"]
[Black "Jensen, Jan Kargaard"]
[Result "1-0"]
[WhiteElo "1666"]
[BlackElo "1746"]
[PlyCount "93"]
[EventDate "2016.03.31"]
[EventType "swiss"]
[EventRounds "7"]
[EventCountry "DEN"]
[SourceTitle "EXT 2024"]
[Source "ChessBase"]
[SourceDate "2023.10.10"]
[SourceVersion "1"]
[SourceVersionDate "2023.10.10"]
[SourceQuality "1"]

1. d4 d5 2. Bf4 Nf6 3. e3 e6 4. Bd3 c5 5. c3 Nc6 6. Nd2 b6 7. Rc1 Bd6 8. Bg3 Bb7 9. Ne2 0-0 10. a3 e5 11. dxe5 Nxe5 12. Bb1 Re8 13. 0-0 Neg4 14. Nf4 Qe7 15. h3 Nxe3 16. fxe3 Qxe3+ 17. Kh2 Bxf4 18. Bxf4 Qe2 19. Qxe2 Rxe2 20. Rc2 Rae8 21. Nf3 d4 22. cxd4 Bxf3 23. Rxf3 Rxc2 24. Bxc2 cxd4 25. Bd3 Nd5 26. Bc4 Nf6 27. Bg5 Rc8 28. b3 Rc6 29. Bxf6 gxf6 30. Rd3 Rd6 31. Kg3 Kg7 32. Kf4 Kg6 33. Rg3+ Kh6 34. Ke4 Kh5 35. Bxf7+ Kh6 36. Bd5 f5+ 37. Kxd4 f4 38. Rf3 Kg5 39. Ke5 Rd8 40. Rc3 Re8+ 41. Kd4 Re7 42. Rc6 h5 43. Re6 Rxe6 44. Bxe6 f3 45. gxf3 Kf4 46. Bf7 Kxf3 47. Bxh5+ 1-0

[Event "DEN-ch G5-B"]
[Site "Helsingor"]
[Date "2013.03.29"]
[Round "2"]
[White "Brandt, Klaus P"]
[Black "Jensen, Jan Kargaard"]
[Result "1/2-1/2"]
[WhiteElo "1795"]
[BlackElo "1808"]
[PlyCount "92"]
[EventDate "2013.03.28"]
[EventType "swiss"]
[EventRounds "5"]
[EventCountry "DEN"]
[SourceTitle "EXT 2023"]
[Source "ChessBase"]
[SourceDate "2022.10.05"]
[SourceVersion "1"]
[SourceVersionDate "2022.10.05"]
[SourceQuality "1"]

1. d4 d5 2. c4 e6 3. Nc3 Nf6 4. Bg5 Nbd7 5. e3 c6 6. Nf3 Qa5 7. Nd2 Bb4 8. Qc2 0-0 9. Be2 dxc4 10. Bh4 Nd5 11. Rc1 b5 12. 0-0 a6 13. Nde4 f5 14. Ng5 N7f6 15. Nf3 Bb7 16. Ne5 Rae8 17. Bf3 Bd6 18. a4 Qc7 19. Bg3 g5 20. b3 b4 21. Nxd5 Nxd5 22. Bxd5 exd5 23. bxc4 c5 24. cxd5 Bxd5 25. Nc4 f4 26. Nxd6 Qxd6 27. exf4 gxf4 28. dxc5 Qc6 29. Bh4 Bxg2 30. Rfe1 Bd5 31. Re7 Be4 32. Qc4+ Bd5 33. Qd3 Rxe7 34. Bxe7 Be4 35. Qc4+ Rf7 36. Bd6 Bd5 37. Qd4 Rg7+ 38. Kf1 Bg2+ 39. Ke1 Qe8+ 40. Kd2 Qf7 41. c6 Qe6 42. c7 Bb7 43. Qxf4 Qd5+ 44. Ke1 Rg1+ 45. Ke2 Qa2+ 46. Kd3 Qd5+ 1/2-1/2

[Event "DEN-ch G5-B"]
[Site "Helsingor"]
[Date "2013.03.28"]
[Round "1"]
[White "Raahauge, Hans"]
[Black "Jensen, Jan Kargaard"]
[Result "0-1"]
[WhiteElo "1716"]
[BlackElo "1808"]
[PlyCount "64"]
[EventDate "2013.03.28"]
[EventType "swiss"]
[EventRounds "5"]
[EventCountry "DEN"]
[SourceTitle "EXT 2023"]
[Source "ChessBase"]
[SourceDate "2022.10.05"]
[SourceVersion "1"]
[SourceVersionDate "2022.10.05"]
[SourceQuality "1"]

1. e4 e5 2. Nf3 d6 3. h3 Be7 4. d4 exd4 5. Nxd4 Nf6 6. Bd3 a6 7. Nc3 c5 8. Nf5 Bxf5 9. exf5 Nc6 10. 0-0 Qc7 11. Bf4 b5 12. Ne4 Nxe4 13. Bxe4 Rd8 14. c3 0-0 15. Qh5 Bf6 16. Rad1 Ne5 17. g4 d5 18. Bxd5 Rxd5 19. Rxd5 Nf3+ 20. Kg2 Qxf4 21. g5 Nxg5 22. Qg4 Qxg4+ 23. hxg4 Re8 24. Rxc5 h6 25. Rc6 Re2 26. a4 Rxb2 27. Rxa6 bxa4 28. Rxa4 Bxc3 29. Rd1 Rb4 30. Ra8+ Kh7 31. f3 Rb2+ 32. Kf1 Nh3 0-1

[Event "Taastrup Quick Weekend 13th B1"]
[Site "Taastrup"]
[Date "2011.04.03"]
[Round "5"]
[White "Christensen, Verner"]
[Black "Jensen, Jan Kargaard"]
[Result "1-0"]
[WhiteElo "1740"]
[BlackElo "1844"]
[PlyCount "33"]
[EventDate "2011.04.01"]
[EventType "tourn"]
[EventRounds "5"]
[EventCountry "DEN"]
[SourceTitle "EXT 2023"]
[Source "ChessBase"]
[SourceDate "2022.10.05"]
[SourceVersion "1"]
[SourceVersionDate "2022.10.05"]
[SourceQuality "1"]

1. e4 c5 2. d4 cxd4 3. c3 d6 4. Bc4 dxc3 5. Nxc3 e6 6. Nf3 Nc6 7. 0-0 Be7 8. Qe2 Nf6 9. Rd1 Qc7 10. Bf4 b6 11. Nb5 Qb8 12. Bxd6 Bxd6 13. Nxd6+ Ke7 14. Bb5 Bb7 15. Qc4 Nd8 16. Qb4 Nc6 17. Nf5+ 1-0

[Event "Taastrup Spil Naar Du Vil V"]
[Site "Taastrup"]
[Date "2010.05.06"]
[Round "6"]
[White "Jensen, Jan Kargaard"]
[Black "Kirkebaekke, Mark"]
[Result "1/2-1/2"]
[WhiteElo "1661"]
[BlackElo "1423"]
[PlyCount "102"]
[EventDate "2010.03.25"]
[EventType "swiss"]
[EventRounds "7"]
[EventCountry "DEN"]
[SourceTitle "EXT 2023"]
[Source "ChessBase"]
[SourceDate "2022.10.05"]
[SourceVersion "1"]
[SourceVersionDate "2022.10.05"]
[SourceQuality "1"]

1. Nf3 Nc6 2. b3 b6 3. Bb2 Bb7 4. e3 d5 5. Be2 Qd6 6. d4 0-0-0 7. Nbd2 Qg6 8. Bd3 Qd6 9. 0-0 f6 10. e4 e5 11. exd5 Qxd5 12. c4 Qd7 13. Qb1 g6 14. d5 Nb4 15. Be2 Ne7 16. a3 Na6 17. b4 c5 18. b5 Nc7 19. Ne4 Ng8 20. Rd1 Ne8 21. a4 Nd6 22. a5 Bg7 23. axb6 axb6 24. Nxd6+ Qxd6 25. Ra7 Ne7 26. Qa2 Kc7 27. Ra1 Ra8 28. Qb1 Nf5 29. Nd2 Rxa7 30. Rxa7 Nd4 31. Bxd4 exd4 32. Ne4 Qe5 33. Bf3 Kb8 34. Qa1 Re8 35. Rxb7+ Kxb7 36. Qa6+ Kc7 37. Qa7+ Kd8 38. Qxb6+ Qc7 39. Qxc7+ Kxc7 40. g3 Kb6 41. Kf1 h6 42. g4 Re7 43. h4 g5 44. hxg5 fxg5 45. Ng3 Be5 46. Nf5 Rf7 47. Be4 Rf6 48. Ke2 Ka5 49. Kd3 Kb4 50. f3 Ka5 51. Ne7 Kb4 1/2-1/2